Effect of blending thermoplastic elastomer with natural rubber compound and studies of short fiber reinforced rubber composite (Record no. 57715)
[ view plain ]
| 000 -LEADER | |
|---|---|
| fixed length control field | 01180nam a2200169Ia 4500 |
| 100 ## - MAIN ENTRY--AUTHOR NAME | |
| Personal name | Kim J K |
| 245 #0 - TITLE STATEMENT | |
| Title | Effect of blending thermoplastic elastomer with natural rubber compound and studies of short fiber reinforced rubber composite |
| 260 ## - PUBLICATION, DISTRIBUTION, ETC. (IMPRINT) | |
| Name of publisher | Journal of Applied Polymer Science |
| Year of publication | 1996 |
| 300 ## - PHYSICAL DESCRIPTION | |
| Number of Pages | 431-438 |
| 520 ## - SUMMARY, ETC. | |
| Summary, etc | Rubber engineers face difficulties in scorching and vulcanizing during rubber processing, particularly of natural rubber (NR). Therefore, this work tried to solve these problems by blending thermoplastic rubber with NR compound. The results indicated that the scorch resistance of the NR was improved by blending the thermoplastic elastomer styrene-ethylene/butylene-styrene (SEBS). However, its mechanical properties were not found to be improved. Therefore, this study was extended to understand the reinforcement effects of short fiber carbon and glass fiberrs, on the mechanical properties of the thermoplastic elastomer with NR compounds. |
| 650 ## - SUBJECT ADDED ENTRY--TOPICAL TERM | |
| Topical Term | Blending |
| 650 ## - SUBJECT ADDED ENTRY--TOPICAL TERM | |
| Topical Term | Fiber reinforced rubber |
| 650 ## - SUBJECT ADDED ENTRY--TOPICAL TERM | |
| Topical Term | Natural rubber compound |
| 650 ## - SUBJECT ADDED ENTRY--TOPICAL TERM | |
| Topical Term | Thermoplastic elastomer |
| 942 ## - ADDED ENTRY ELEMENTS (KOHA) | |
| Koha item type | Journals |
| Withdrawn status | Lost status | Damaged status | Not for loan | Home library | Current library | Shelving location | Date acquired | Serial Enumeration / chronology | Koha item type |
|---|---|---|---|---|---|---|---|---|---|
| Journals | RRII Library | RRII Library | Rubber chemistry | 17/12/2021 | Volume 61, Issue 3 | Journals |